000 00438nam a2200193Ia 4500
008 210210b1900 xxu||||| |||| 00| 0 eng d
041 _aeng
082 _a823.8 CONT
100 _aCONRAD (Joseph)
245 _aTwixt land and sea
260 _aLondon
_bJ M Dent and Sons Ltd.
_c1900
300 _avii,264
650 _aTwixt
650 _asea
650 _aland
650 _aand
690 _aEnglish Fiction
906 _a040515
999 _c117013
_d117013